Handbook of Agricultural Engineering / (Record no. 52418)

MARC details
000 -LEADER
fixed length control field 00528nam a22001937a 4500
003 - CONTROL NUMBER IDENTIFIER
control field OSt
008 - FIXED-LENGTH DATA ELEMENTS--GENERAL INFORMATION
fixed length control field 260629b |||||||| |||| 00| 0 eng d
020 ## - INTERNATIONAL STANDARD BOOK NUMBER
International Standard Book Number 9788171641345
082 ## - DEWEY DECIMAL CLASSIFICATION NUMBER
Classification number 631.30202
Item number I15H
100 ## - MAIN ENTRY--PERSONAL NAME
Personal name ICAR
245 ## - TITLE STATEMENT
Title Handbook of Agricultural Engineering /
Statement of responsibility, etc. by ICAR
260 ## - PUBLICATION, DISTRIBUTION, ETC. (IMPRINT)
Place of publication, distribution, etc .- New Delhi
Name of publisher, distributor, etc : ICAR
Date of publication, distribution, etc , 2022
300 ## - PHYSICAL DESCRIPTION
Extent 808p.
650 ## - SUBJECT ADDED ENTRY--TOPICAL TERM
Topical term or geographic name as entry element Technology (Applied Sciences)
650 ## - SUBJECT ADDED ENTRY--TOPICAL TERM
Topical term or geographic name as entry element Agriculture and Related Technologies
650 ## - SUBJECT ADDED ENTRY--TOPICAL TERM
Topical term or geographic name as entry element Agricultural Engineering
650 ## - SUBJECT ADDED ENTRY--TOPICAL TERM
Topical term or geographic name as entry element Handbook
942 ## - ADDED ENTRY ELEMENTS (KOHA)
Source of classification or shelving scheme
Koha item type Books
Holdings
Withdrawn status Lost status Source of classification or shelving scheme Damaged status Not for loan Home library Current library Date acquired Source of acquisition Cost, normal purchase price Total Checkouts Full call number Barcode Date last seen Bill Date Koha item type Bill Number
          Dr. Rajendra Prasad Central Agricultural University Pusa, Dr. Rajendra Prasad Central Agricultural University Pusa, 29/06/2026 TTPP, New Delhi 1500.00   631.30202 I15H 87714 29/06/2026 29/01/2026 Books IN-00449
          Dr. Rajendra Prasad Central Agricultural University Pusa, Dr. Rajendra Prasad Central Agricultural University Pusa, 29/06/2026 TTPP, New Delhi 1500.00   631.30202 I15H 87715 29/06/2026 29/01/2026 Books IN-00449
Hosted, Implemented, Customized & Maintained by: BestBookBuddies

Powered by Koha